The winds of revolution : Latin america today- and tomorrow

שמור ב:
מידע ביבליוגרפי
מחבר ראשי: Szulc, Tad
פורמט: ספר
שפה:Undetermined
יצא לאור: London Thames and Hudson 1963
תגים: הוספת תג
אין תגיות, היה/י הראשונ/ה לתייג את הרשומה!
Thư viện lưu trữ: Trung tâm Học liệu Trường Đại học Cần Thơ
LEADER 00478nam a2200181Ia 4500
001 CTU_86870
008 210402s9999 xx 000 0 und d
082 |a 323.2098 
082 |b S998 
100 |a Szulc, Tad 
245 4 |a The winds of revolution : 
245 0 |b Latin america today- and tomorrow 
245 0 |c Tad Szulc 
260 |a London 
260 |b Thames and Hudson 
260 |c 1963 
904 |i Mai Loan 
980 |a Trung tâm Học liệu Trường Đại học Cần Thơ